Concepts of modern art / (Record no. 31442)

MARC details
000 -LEADER
fixed length control field 01301nam a2200421 a 4500
001 - CONTROL NUMBER
control field vtls000027460
003 - CONTROL NUMBER IDENTIFIER
control field NLI
005 - DATE AND TIME OF LATEST TRANSACTION
control field 20210601183019.0
008 - FIXED-LENGTH DATA ELEMENTS--GENERAL INFORMATION
fixed length control field 101125s1981 enkaf 001 0 eng
020 ## - INTERNATIONAL STANDARD BOOK NUMBER
Terms of availability £ 7.95
039 #9 - LEVEL OF BIBLIOGRAPHIC CONTROL AND CODING DETAIL [OBSOLETE]
-- 201011250226
-- VLOAD
040 0# - CATALOGING SOURCE
Original cataloging agency NLI
Language of cataloging eng
Transcribing agency VERGIS-2003
041 0# - LANGUAGE CODE
Language code of text/sound track or separate title eng
044 ## - COUNTRY OF PUBLISHING/PRODUCING ENTITY CODE
MARC country code enk
082 04 - DEWEY DECIMAL CLASSIFICATION NUMBER
Classification number 709.04
245 00 - TITLE STATEMENT
Title Concepts of modern art /
Statement of responsibility, etc. edited by Nikos Stangos
250 ## - EDITION STATEMENT
Edition statement Rev. and enl. ed.
260 ## - PUBLICATION, DISTRIBUTION, ETC.
Place of publication, distribution, etc. London :
Name of publisher, distributor, etc. Thames and Hudson,
Date of publication, distribution, etc. c1981
300 ## - PHYSICAL DESCRIPTION
Extent 384 p. :
Other physical details ill., plates ;
Dimensions 22 cm.
500 ## - GENERAL NOTE
General note Includes index
504 ## - BIBLIOGRAPHY, ETC. NOTE
Bibliography, etc. note Bibilography: p. 373-377
650 #0 - SUBJECT ADDED ENTRY--TOPICAL TERM
Topical term or geographic name entry element Art, Modern
Chronological subdivision 20th century
650 #0 - SUBJECT ADDED ENTRY--TOPICAL TERM
Topical term or geographic name entry element Modernism (Art)
650 #0 - SUBJECT ADDED ENTRY--TOPICAL TERM
Topical term or geographic name entry element Expressionism (Art)
650 #0 - SUBJECT ADDED ENTRY--TOPICAL TERM
Topical term or geographic name entry element Surrealism
9 (RLIN) 81279
650 #0 - SUBJECT ADDED ENTRY--TOPICAL TERM
Topical term or geographic name entry element Arts, Modern
Chronological subdivision 20th century
9 (RLIN) 81280
700 1# - ADDED ENTRY--PERSONAL NAME
Personal name Stangos, Nikos,
Relationship edt
9 (RLIN) 84002
887 ## - NON-MARC INFORMATION FIELD
Content of non-MARC field Sivan S.
901 ## - LOCAL DATA ELEMENT A, LDA (RLIN)
a 472503
b 04/02/1982
902 ## - LOCAL DATA ELEMENT B, LDB (RLIN)
a E 709.04 St 24
903 ## - LOCAL DATA ELEMENT C, LDC (RLIN)
a 20/03/2004
904 ## - LOCAL DATA ELEMENT D, LDD (RLIN)
a Sivan S.
906 ## - LOCAL DATA ELEMENT F, LDF (RLIN)
a 027621
949 ## - LOCAL PROCESSING INFORMATION (OCLC)
-- VIRTUAITEM
-- 10000
-- 1
-- 100
6 PUR000472503ENG
a E 709.04 St24
942 ## - ADDED ENTRY ELEMENTS (KOHA)
Source of classification or shelving scheme Dewey Decimal Classification
Koha item type Books
Holdings
Withdrawn status Lost status Damaged status Not for loan Collection code Home library Current library Shelving location Date acquired Total Checkouts Full call number Barcode Date last seen Price effective from Koha item type
        New English National Library of India National Library of India New English - Main Stack Division     E 709.04 St 24 PUR000472503ENG 01/06/2021 01/06/2021 Books
                                                                           
web counter

Copyright ©2020 The National Library of India, Govt. of India ↔ Hosted by NVLI, MOC ↔ Technology and Design by National Library of India, Ministry of Culture, Govt. of India